Dirigeants dans les jeux Zelda - Statistiques

Statistiques générales
  • Ce quiz a été pris 13 fois
  • Le résultat moyen est 18 sur 55
Statistiques - réponses
Jeu de première apparition Titre Dirigeant % Correct
Ocarina of Time Chef des Gorons Darunia
91%
Breath of the Wild Chef des Sheikahs Impa
82%
Ocarina of Time Chef des Kokiris Mido
73%
Twilight Princess Princesse du Crépuscule Midona
73%
Breath of the Wild Princesse des Zoras Mipha
73%
Ocarina of Time Roi des Gerudos Ganon
64%
Breath of the Wild Chef des Yigas Grand Kohga
64%
Tears of the Kingdom Premier roi d'Hyrule Rauru
64%
Breath of the Wild Cheffe des Gerudos Riju
64%
Breath of the Wild Prince des Zoras Sidon
64%
Breath of the Wild Chef des Piafs Kai
55%
Breath of the Wild Ancienne cheffe des Gerudos Urbosa
55%
The Adventure of Link Princesse d'Hyrule Zelda
55%
Breath of the Wild Chef des Gorons Buldo
45%
Skyward Sword Directeur de l'école de Chevalerie Gaepora
45%
Twilight Princess Prince Zora Lars
45%
Majora's Mask Princesse des Mojos Princesse Mojo
45%
Breath of the Wild Ancien roi d'Hyrule d'il y a 100 ans Rhoam Bosphoramus Hyrule
45%
The Adventure of Link Roi d'Hyrule Roi d'Hyrule
45%
Breath of the Wild Roi des Zoras Roi Dorefah
45%
Majora's Mask Roi des Mojos Roi Mojo
45%
Tars of the Kingdom Chef des Piafs Teba
45%
Majora's Mask Cheffe des pirates Aveil
36%
Twilight Princess Chef du Village de Toal Bohdan
36%
The Wind Waker Roi d'Hyrule Daphnès Nohansen Hyrule
36%
A Link Between Worlds Princesse Hilda Hilda
36%
Twilight Princess Reine des Zoras Luterra
36%
A Link Bewteen Worlds Reine des Zoras Orlène
36%
Majora's Mask Roi d'Ikana Roi Igos d'Ikana
36%
Tears of the Kingdom Reine des Zoras Yona
36%
Skyward Sword Chef des Mogmas Aurélio
27%
Majora's Mask Maire de Bourg Clocher Maire Dotour
27%
Skyward Sword Chef des Paraduses Raduse
27%
A Link to the Past Roi des Zoras Roi Zora
27%
Skyward Sword Chef des Tikwis Lorion
18%
Twilight Princess Chef des Bulblins Roi Bulblin
18%
The Minish Cap Ancien des Minish citadins Bookta
9%
Echoes of Wisdom Chef des Gorons Darston
9%
The Minish Cap Roi d'Hyrule Dartas
9%
Spirit Tracks Maire du Village Skimo Dirlo
9%
Echoes of Wisdom Chef des Zoras des rivières Dradd
9%
The Minish Cap Ancien des Minish sylvestres Genta
9%
The Wind Waker Chef des Piafs Grand-Chef
9%
The Minish Cap Ancien roi d'Hyrule d'il y a de siècles Gustave
9%
The Minish Cap Maire de la Cité d'Hyrule Hagar
9%
Echoes of Wisdom Cheffe des Zoras des mers Kusha
9%
Twilight Princess Chef des Gorons Morock
9%
Tri Force Heroes Princesse d'Estoffe Princesse Mousseline
9%
Oracle of Ages Ancienne reine de Labrynna Reine Ambi
9%
Tri Force Heroes Roi d'Estoffe Roi Frisette
9%
Oracle of Ages Chef des Gorons Ancêtre Goron
0%
A Link's Awakening Chef des Moblins Gros Blin
0%
Zelda II: The Adventure of Link Prince d'Hyrule (mentionné) Hyro
0%
Oracle of Seasons Maire de la Cité Lynna Maire Plen
0%
Oracle of Seasons Maire du Village Horon Maire Ruul
0%
Aucun quiz correspondant
Distribution des résultats
% des personnes avec chaque résultat
Percentile par nombre de réponses
Votre historique - résultats
Vous n’avez pas pris ce quiz